000 00333nam a22001337a 4500
999 _c17146
_d17146
008 180817b xxu||||| |||| 00| 0 eng d
020 _a022093
050 _aPR9199.4
_b.S55 1992 c.1
100 _aSmith, Wilbur
245 _aElephant Song
_cWilbur Smith
260 _aLondon
_bPan Books
_c1992
300 _a518p.
942 _2lcc
_cBK